000 00541nam a2200181 a 4500
001 000048113
005 20201002060928.0
008 181115s2016 dr ac 000 0 spa d
020 _a9789993572572
040 _aDO-SdBNP
_bspa
_cBNPHU
082 _axxxx
_bxxxx
100 1 _aBenoit, Sanon,
_d1977-
_975596
245 1 0 _aLes noirs a la lumiere de la Bible /
_cSanon Benoit.
260 _aSanto Domingo :
_bArgos,
_c2016.
300 _a211 p. :
_bil., retrs. ;
_c23 cm.
504 _aBibliografía : p 209-211
590 _aInventariado, 2018/LP
999 _c47601
_d47601